00962nam a2200289Ia 4500001000900000003000500009005001700014008004100031010001100072020001800083040000900101082002000110100003300130245014200163250001100305260009700316300001100413503000800424504003100432650001900463650002900482650004700511650002200558650001700580650002600597700004900623dia_4870CHAP20251023172124.0220117s2006 xx 000 0 und d a175674 a970-703-304-5 cCHAP a637.13 P43 2006 aPedraza Rendón, Oscar Hugo aLa productividad de la industria láctea en el Estado de Michoacán /c Oscar Pedraza Rendón y José César Lenin Navarro Chávez a2a ed. aMéxico :b IPN :,b ININEE :,b Universidad Mexicana de San Nicolás de Hidalgo,c2006 a281 p. aC/e aBibliografía: p. 233-239 0aDairy industry aElaboración de leche  aIndustria lecheraxEstado de Michoacán  aMilk production  aMilk yield  aRendimiento lechero  aNavarro Chávez, José Cesar Lenin, coaut.